000 00348nam a22000977a 4500
100 _aकुमार,आचार्य कौशल
_973662
245 _aयोग समग्र जीवन की ओर
260 _aइला‍हाबाद
_bमालविका प्रकाशन
_c2018
650 _aयोग
_936752
942 _cHIN
999 _c64403
_d64403